Normal view
MARC view
- Tubb, L.F.J .
Entry Personal Name
001 - CONTROL NUMBER
- control field: 1457
003 - CONTROL NUMBER IDENTIFIER
- control field: OSt
005 - DATE AND TIME OF LATEST TRANSACTION
- control field: 20160923145147.0
008 - FIXED-LENGTH DATA ELEMENTS
- fixed length control field: 160923|| aca||aabn | a|a d
040 ## - CATALOGING SOURCE
- Original cataloging agency: OSt
- Transcribing agency: OSt
100 ## - HEADING--PERSONAL NAME
- Personal name: Tubb, L.F.J .
670 ## - SOURCE DATA FOUND
- Source citation: Work cat.: (OSt)7027: Tubb, L.F.J ., Commercial painting / , 1960.
